<?xml version="1.0" encoding="UTF-8"?>
<record
    xmlns:xsi="http://www.w3.org/2001/XMLSchema-instance"
    xsi:schemaLocation="http://www.loc.gov/MARC21/slim http://www.loc.gov/standards/marcxml/schema/MARC21slim.xsd"
    xmlns="http://www.loc.gov/MARC21/slim">

  <leader>00972nam a2200217 i 4500</leader>
  <controlfield tag="001">129969</controlfield>
  <controlfield tag="003">ES-MaACL</controlfield>
  <controlfield tag="005">20251220063020.0</controlfield>
  <controlfield tag="007">t|</controlfield>
  <controlfield tag="008">070712m19581962sp           ||||1| spa d</controlfield>
  <datafield tag="080" ind1=" " ind2=" ">
    <subfield code="a">22.07</subfield>
  </datafield>
  <datafield tag="100" ind1="1" ind2=" ">
    <subfield code="a">Prado, Juan, </subfield>
    <subfield code="d">1897-1978</subfield>
    <subfield code="9">171437</subfield>
  </datafield>
  <datafield tag="245" ind1="1" ind2="0">
    <subfield code="a">S&#xED;ntesis b&#xED;blica / </subfield>
    <subfield code="c">por el P. Juan Prado, C.SS.R. ; con la colaboraci&#xF3;n del P. Nicanor Fern&#xE1;ndez.</subfield>
  </datafield>
  <datafield tag="260" ind1=" " ind2=" ">
    <subfield code="a">Madrid : </subfield>
    <subfield code="b">El Perpetuo Socorro, </subfield>
    <subfield code="c">1958-1962.</subfield>
  </datafield>
  <datafield tag="300" ind1=" " ind2=" ">
    <subfield code="a">5 v. ; </subfield>
    <subfield code="c">17 cm.</subfield>
  </datafield>
  <datafield tag="505" ind1="8" ind2=" ">
    <subfield code="a">Contiene: I. Orientaciones -- II. Historia de la revelaci&#xF3;n. Libros del Antiguo Testamento. Or&#xED;genes del pueblo hebreo -- IV-VII. Destierro babil&#xF3;nico. Restauraci&#xF3;n. Di&#xE1;spora. Alzamiento de los Macabeos -- VIII. Literatura po&#xE9;tico-sapiencial -- IX. Ap&#xE9;ndice: los Ap&#xF3;crifos del Antiguo Testamento</subfield>
  </datafield>
  <datafield tag="630" ind1=" " ind2="0">
    <subfield code="a">Biblia-</subfield>
    <subfield code="v">Comentarios.</subfield>
    <subfield code="9">119238</subfield>
  </datafield>
  <datafield tag="700" ind1="1" ind2=" ">
    <subfield code="a">Fern&#xE1;ndez, Nicanor.</subfield>
    <subfield code="9">49411</subfield>
  </datafield>
  <datafield tag="852" ind1=" " ind2=" ">
    <subfield code="a">ES-MaACL</subfield>
    <subfield code="j">E-3836-40 </subfield>
    <subfield code="b">R.49718</subfield>
  </datafield>
  <datafield tag="999" ind1=" " ind2=" ">
    <subfield code="c">129969</subfield>
    <subfield code="d">129969</subfield>
  </datafield>
  <datafield tag="952" ind1=" " ind2=" ">
    <subfield code="0">0</subfield>
    <subfield code="1">0</subfield>
    <subfield code="4">0</subfield>
    <subfield code="7">0</subfield>
    <subfield code="a">ATENEOM</subfield>
    <subfield code="b">ATENEOM</subfield>
    <subfield code="c">DEPO2</subfield>
    <subfield code="d">2008-01-17</subfield>
    <subfield code="e">SC</subfield>
    <subfield code="l">0</subfield>
    <subfield code="o">E-3836-40</subfield>
    <subfield code="p">1135331</subfield>
    <subfield code="r">2023-02-23 00:00:00</subfield>
    <subfield code="w">2023-02-23</subfield>
    <subfield code="y">MONOGRAFIA</subfield>
  </datafield>
</record>
